[Event "Cracovia 2007"]
[Site "Cracovia POL"]
[Date "2007.12.27"]
[Round "1.1"]
[White "Czarnota, Pawel"]
[Black "Kalvaitis, Sigitas"]
[Result "1-0"]
[WhiteElo "2554"]
[BlackElo "2245"]
[PlyCount "89"]
[EventDate "2007.12.27"]
[EventType "swiss"]
[EventRounds "9"]
[EventCountry "POL"]
[Source "lmi"]
[SourceDate "2007.12.27"]

1. e4 e6 2. d4 d5 3. Nd2 c5 4. exd5 Qxd5 5. Ngf3 cxd4 6. Bc4 Qd6 7. O-O Nf6 8.
Nb3 Nc6 9. Nbxd4 Nxd4 10. Qxd4 Qxd4 11. Nxd4 Bd7 12. Bf4 Rc8 13. Bb3 Bc5 14.
Rad1 O-O 15. Rfe1 Rfd8 16. Be5 Kf8 17. h3 a6 18. g4 Bxd4 19. Bxd4 Bc6 20. c4
Rd7 21. Bc5+ Ke8 22. Rxd7 Kxd7 23. Bb6 h5 24. g5 Ne4 25. h4 Ke7 26. Rd1 f6 27.
Be3 fxg5 28. f3 Ng3 29. Bxg5+ Kf7 30. c5 Nf5 31. Kf2 Bd5 32. Rxd5 exd5 33.
Bxd5+ Ke8 34. b4 Rc7 35. Bf4 Re7 36. a4 g6 37. Be4 Kf7 38. b5 axb5 39. axb5 Nd4
40. Bd5+ Ke8 41. b6 Ne6 42. Bd6 Nxc5 43. Bxc5 Re5 44. Bc6+ bxc6 45. b7 1-0

[Event "Cracovia 2007"]
[Site "Cracovia POL"]
[Date "2007.12.27"]
[Round "1.2"]
[White "Kukula, Pawel"]
[Black "Jedynak, Radoslaw"]
[Result "1/2-1/2"]
[WhiteElo "2239"]
[BlackElo "2543"]
[PlyCount "85"]
[EventDate "2007.12.27"]
[EventType "swiss"]
[EventRounds "9"]
[EventCountry "POL"]
[Source "lmi"]
[SourceDate "2007.12.27"]

1. d4 e6 2. Nf3 Nf6 3. Nbd2 c5 4. e3 b6 5. Bd3 Bb7 6. O-O Be7 7. c3 d5 8. Ne5
O-O 9. Qf3 Nbd7 10. Qh3 Nxe5 11. dxe5 Ne4 12. f3 Ng5 13. Qg4 h6 14. f4 Nh7 15.
Rf3 f5 16. exf6 Rxf6 17. Rg3 Qf8 18. Nf3 Bd6 19. Bd2 Qe7 20. Ne5 Bxe5 21. fxe5
Rf7 22. Bg6 Ng5 23. Bxf7+ Qxf7 24. Rf1 Qe7 25. Be1 Ba6 26. Rf4 Bd3 27. Qd1 c4
28. h4 Ne4 29. Rh3 Qe8 30. Qg4 h5 31. Qd1 Nc5 32. Rg3 Bg6 33. Rg5 Ne4 34. Rxe4
dxe4 35. g4 Kh7 36. gxh5 Bf5 37. Qe2 Rc8 38. Kh2 Rc7 39. Rg2 Qa4 40. a3 Rd7 41.
Bg3 Qd1 42. Qxd1 Rxd1 43. Bf4 1/2-1/2

[Event "Cracovia 2007"]
[Site "Cracovia POL"]
[Date "2007.12.27"]
[Round "1.3"]
[White "Jakubiec, Artur"]
[Black "Cherednichenko, Svetlana"]
[Result "1-0"]
[WhiteElo "2524"]
[BlackElo "2221"]
[PlyCount "95"]
[EventDate "2007.12.27"]
[EventType "swiss"]
[EventRounds "9"]
[EventCountry "POL"]
[Source "lmi"]
[SourceDate "2007.12.27"]

1. e4 e6 2. Nf3 d5 3. e5 c5 4. c3 Nc6 5. Na3 f6 6. Bb5 Nh6 7. O-O Nf7 8. exf6
Qxf6 9. d4 cxd4 10. cxd4 Bd6 11. Nc2 O-O 12. Ne3 Ng5 13. Nxg5 Qxg5 14. Ng4 Qf5
15. f4 Nxd4 16. Bd3 Qf7 17. Bxh7+ Kxh7 18. Qxd4 Qf5 19. Ne3 Qf6 20. Qd3+ Kg8
21. Bd2 Bd7 22. Bc3 Qe7 23. g3 a6 24. Rfe1 Bb5 25. Qd2 Qf7 26. a4 Bc6 27. Ng4
Qg6 28. Ne5 Bxe5 29. Rxe5 Rf5 30. Rae1 Re8 31. Qd4 Re7 32. Rxe6 Rxe6 33. Rxe6
Qf7 34. Rd6 Kh7 35. b3 Qe7 36. Re6 Qd7 37. h4 Qf7 38. Kf2 Qd7 39. Re3 Kg8 40.
g4 Rf7 41. Kg3 Qd6 42. Re5 Qf6 43. h5 Re7 44. g5 Qf7 45. Rxe7 Qxe7 46. h6 gxh6
47. Qh8+ Kf7 48. Qg7+ 1-0

[Event "Cracovia 2007"]
[Site "Cracovia POL"]
[Date "2007.12.27"]
[Round "1.4"]
[White "Cherepanov, Vladislav"]
[Black "Kveinys, Aloyzas"]
[Result "0-1"]
[WhiteElo "2219"]
[BlackElo "2517"]
[PlyCount "64"]
[EventDate "2007.12.27"]
[EventType "swiss"]
[EventRounds "9"]
[EventCountry "POL"]
[Source "lmi"]
[SourceDate "2007.12.27"]

1. d4 Nf6 2. c4 e6 3. Nc3 Bb4 4. Qc2 O-O 5. a3 Bxc3+ 6. Qxc3 b6 7. Bg5 Bb7 8.
Nf3 d6 9. Nd2 Nbd7 10. e3 c5 11. dxc5 bxc5 12. f3 a5 13. Be2 a4 14. O-O Qb6 15.
Rad1 Ba6 16. Nb1 h6 17. Bh4 d5 18. Rd2 Rfb8 19. Bf2 Qc6 20. Rfd1 Rb3 21. Qc1
Ne5 22. cxd5 exd5 23. Bxa6 Rxa6 24. Nc3 c4 25. Rxd5 Nxd5 26. Nxd5 Ra7 27. e4
Rab7 28. Bd4 Nd3 29. Qc2 Kh7 30. Nb4 Nxb4 31. axb4 Rd7 32. Bc3 Qb6+ 0-1

[Event "Cracovia 2007"]
[Site "Cracovia POL"]
[Date "2007.12.27"]
[Round "1.5"]
[White "Kravtsiv, Martyn"]
[Black "Fistek, Dariusz"]
[Result "1/2-1/2"]
[WhiteElo "2498"]
[BlackElo "2215"]
[PlyCount "165"]
[EventDate "2007.12.27"]
[EventType "swiss"]
[EventRounds "9"]
[EventCountry "POL"]
[Source "lmi"]
[SourceDate "2007.12.27"]

1. e4 c5 2. Nf3 d6 3. d4 cxd4 4. Nxd4 Nf6 5. Nc3 Nc6 6. Bc4 Qb6 7. Nb3 e6 8.
Be3 Qc7 9. Bd3 a6 10. f4 h5 11. Qf3 b5 12. O-O-O Bb7 13. h3 Nb4 14. Kb1 d5 15.
exd5 Nbxd5 16. Nxd5 Bxd5 17. Qf2 Rc8 18. Bb6 Qb7 19. Rhe1 Be7 20. Na5 Qa8 21.
f5 O-O 22. fxe6 fxe6 23. Re2 Nd7 24. Qg3 Nxb6 25. Qg6 Bf6 26. Rf1 Nd7 27. Qxh5
Rfd8 28. Bg6 e5 29. g4 Nf8 30. g5 Nxg6 31. gxf6 Bf7 32. fxg7 Kxg7 33. Qg5 Qd5
34. Nb3 Qe6 35. Ref2 Rd7 36. h4 Rc4 37. Rg2 Rf4 38. Rfg1 Qf5 39. h5 Rf1+ 40.
Nc1 Qxg5 41. Rxg5 Rdd1 42. Rxf1 Rxf1 43. hxg6 Kf6 44. Rg2 Bxg6 45. b3 e4 46.
Kb2 Bh5 47. Ne2 Bf3 48. Rh2 e3 49. Nd4 Bg4 50. Kc3 Rf2 51. Rh8 Ke5 52. Kd3 e2
53. Re8+ Kd5 54. Nxe2 Bxe2+ 55. Rxe2 Rf3+ 56. Re3 Rf6 57. Kc3 Kc5 58. Re4 Kb6
59. a4 Rd6 60. Kb2 Rc6 61. Rh4 Rf6 62. Ka3 Rc6 63. Rh2 Rf6 64. Rh5 Rc6 65. Kb2
Rf6 66. b4 Rf4 67. a5+ Kb7 68. Rh7+ Kb8 69. Kb3 Rc4 70. c3 Ka8 71. Rh5 Kb7 72.
Rc5 Rg4 73. Rd5 Re4 74. Rd7+ Kb8 75. Kc2 Rg4 76. Re7 Rc4 77. Kd3 Ka8 78. Re4
Rc6 79. c4 bxc4+ 80. Rxc4 Rd6+ 81. Rd4 Rc6 82. Ke4 Rc3 83. Kd5 1/2-1/2

[Event "Cracovia 2007"]
[Site "Cracovia POL"]
[Date "2007.12.27"]
[Round "1.6"]
[White "Pflantz, Mike"]
[Black "Szoen, Dariusz"]
[Result "0-1"]
[WhiteElo "2211"]
[BlackElo "2481"]
[PlyCount "68"]
[EventDate "2007.12.27"]
[EventType "swiss"]
[EventRounds "9"]
[EventCountry "POL"]
[Source "lmi"]
[SourceDate "2007.12.27"]

1. d4 Nf6 2. c4 c5 3. d5 e6 4. Nc3 exd5 5. cxd5 d6 6. e4 g6 7. Bd3 a6 8. a4 Bg7
9. h3 Nbd7 10. Bf4 Nh5 11. Bh2 Be5 12. Bxe5 Nxe5 13. Nge2 O-O 14. O-O f5 15.
exf5 Bxf5 16. Bxf5 gxf5 17. f4 Ng6 18. Qd2 Qh4 19. Ra3 Rae8 20. Kh2 Nf6 21. g3
Qh5 22. Kg2 Rf7 23. Ng1 Rg7 24. Raa1 Kh8 25. Rae1 Reg8 26. Re3 Nh4+ 27. Kf2 b5
28. Qd3 b4 29. Nce2 Ne4+ 30. Rxe4 fxe4 31. Qxe4 Re8 32. Qc4 Nf5 33. Qxa6 Ne3
34. Rc1 Qxd5 0-1

[Event "Cracovia 2007"]
[Site "Cracovia POL"]
[Date "2007.12.27"]
[Round "1.7"]
[White "Tazbir, Marcin"]
[Black "Czarnota, Dorota"]
[Result "1-0"]
[WhiteElo "2464"]
[BlackElo "2199"]
[PlyCount "77"]
[EventDate "2007.12.27"]
[EventType "swiss"]
[EventRounds "9"]
[EventCountry "POL"]
[Source "lmi"]
[SourceDate "2007.12.27"]

1. c4 c5 2. Nc3 Nc6 3. Nf3 g6 4. e3 Nf6 5. d4 cxd4 6. exd4 d5 7. Bg5 Ne4 8.
cxd5 Nxc3 9. bxc3 Qxd5 10. Be2 Bg7 11. O-O O-O 12. Qb3 Qd6 13. Rad1 b6 14. d5
Na5 15. Qb4 f6 16. Bf4 Qxb4 17. cxb4 Nb7 18. Bb5 Nd6 19. Bc6 Rb8 20. Rfe1 Kf7
21. Rxe7+ Kxe7 22. Re1+ Kf7 23. Bxd6 Bg4 24. Re7+ Kg8 25. Bxb8 Rxb8 26. Rxa7
Bxf3 27. gxf3 Bf8 28. a3 Bd6 29. h3 Be5 30. Kf1 h5 31. Ke2 h4 32. Ke3 g5 33.
Ke4 Rd8 34. Kf5 Bd4 35. Kg6 Be5 36. Rg7+ Kf8 37. Bd7 Bb2 38. Rf7+ Kg8 39. Be6
1-0

[Event "Cracovia 2007"]
[Site "Cracovia POL"]
[Date "2007.12.27"]
[Round "1.8"]
[White "Rawicz, Karol"]
[Black "Brodowski, Piotr"]
[Result "1-0"]
[WhiteElo "2195"]
[BlackElo "2425"]
[PlyCount "145"]
[EventDate "2007.12.27"]
[EventType "swiss"]
[EventRounds "9"]
[EventCountry "POL"]
[Source "lmi"]
[SourceDate "2007.12.27"]

1. Nf3 Nf6 2. c4 g6 3. Nc3 d5 4. cxd5 Nxd5 5. g3 Bg7 6. Bg2 Nb6 7. O-O Nc6 8.
a3 O-O 9. d3 h6 10. Rb1 e5 11. Ne4 Nd5 12. Qb3 b6 13. e3 Be6 14. Qc2 Qd7 15.
Rd1 Rad8 16. b4 f5 17. b5 Na5 18. Ned2 c5 19. Bb2 Qc7 20. Re1 Ne7 21. Qc3 Nd5
22. Qc2 Ne7 23. Rbd1 g5 24. d4 e4 25. Ne5 Nd5 26. g4 cxd4 27. Qxc7 Nxc7 28.
exd4 Nxb5 29. gxf5 Bxf5 30. Nxe4 Rfe8 31. a4 Nd6 32. Nxd6 Rxd6 33. Rc1 Nb3 34.
Nc4 Rde6 35. Rxe6 Bxe6 36. Re1 Bf7 37. Ne5 Bxe5 38. dxe5 Nc5 39. Ra1 Nd3 40.
Bd4 Rd8 41. Bc3 Rc8 42. Bd4 Rc4 43. Be3 Nxe5 44. a5 Rb4 45. Bxb6 a6 46. Rd1 Nc4
47. Bd8 Kg7 48. Bc6 Ne5 49. Bd5 Rg4+ 50. Kf1 Be8 51. f3 Bb5+ 52. Kf2 Rb4 53.
Be4 Nc4 54. Kg3 Ne3 55. Rd6 Nf1+ 56. Kg4 Nxh2+ 57. Kf5 Nxf3 58. Bf6+ Kh7 59.
Rd8 Nh4+ 60. Ke5+ Rxe4+ 61. Kxe4 Kg6 62. Be5 g4 63. Rd6+ Kh5 64. Bf4 Ng6 65.
Rd5+ Kh4 66. Rd6 Nxf4 67. Kxf4 h5 68. Rd5 g3 69. Rg5 Bf1 70. Rxg3 Be2 71. Rg2
Bf1 72. Rh2+ Bh3 73. Kf3 1-0

[Event "Cracovia 2007"]
[Site "Cracovia POL"]
[Date "2007.12.27"]
[Round "1.9"]
[White "Kuzmicz, Krystian"]
[Black "Krzyzanowski, Marcin"]
[Result "1-0"]
[WhiteElo "2422"]
[BlackElo "2185"]
[PlyCount "69"]
[EventDate "2007.12.27"]
[EventType "swiss"]
[EventRounds "9"]
[EventCountry "POL"]
[Source "lmi"]
[SourceDate "2007.12.27"]

1. g3 g6 2. Bg2 Bg7 3. e4 e5 4. Ne2 d6 5. O-O Nc6 6. c3 Nge7 7. d4 O-O 8. Be3
d5 9. dxe5 dxe4 10. Bxe4 Nxe5 11. Bc5 Nd7 12. Ba3 c5 13. Nf4 Qc7 14. Bg2 Nf6
15. Nd3 c4 16. Nf4 Rd8 17. Qe2 Re8 18. Nd2 g5 19. Nh5 Nxh5 20. Qxh5 h6 21. Qf3
Rd8 22. Rad1 Ng6 23. Qe4 Ne5 24. Nxc4 Rxd1 25. Rxd1 Nxc4 26. Qe8+ Kh7 27. Be4+
f5 28. Bd5 Be6 29. Qxe6 Nxa3 30. Qxf5+ Kh8 31. Be4 Kg8 32. Rd7 Qe5 33. Qh7+ Kf8
34. Bd5 Ke8 35. Rxg7 1-0

[Event "Cracovia 2007"]
[Site "Cracovia POL"]
[Date "2007.12.27"]
[Round "1.10"]
[White "Dlugosz, Krzysztof"]
[Black "Bulski, Krzysztof"]
[Result "0-1"]
[WhiteElo "2179"]
[BlackElo "2421"]
[PlyCount "44"]
[EventDate "2007.12.27"]
[EventType "swiss"]
[EventRounds "9"]
[EventCountry "POL"]
[Source "lmi"]
[SourceDate "2007.12.27"]

1. f4 c5 2. Nf3 Nc6 3. e3 Nf6 4. Be2 e6 5. d3 Be7 6. O-O O-O 7. c3 b6 8. e4 Bb7
9. f5 exf5 10. exf5 Re8 11. d4 cxd4 12. cxd4 h6 13. Nc3 Rc8 14. Kh1 Bd6 15. Qe1
Nb4 16. Qd1 Nbd5 17. Nxd5 Nxd5 18. Ne5 Bxe5 19. dxe5 Rxe5 20. Bd3 Qh4 21. f6
Rh5 22. h3 Ne3 0-1

[Event "Cracovia 2007"]
[Site "Cracovia POL"]
[Date "2007.12.28"]
[Round "2.1"]
[White "Maciejczak, Jakub"]
[Black "Czarnota, Pawel"]
[Result "0-1"]
[WhiteElo "2328"]
[BlackElo "2554"]
[PlyCount "90"]
[EventDate "2007.12.27"]
[EventType "swiss"]
[EventRounds "9"]
[EventCountry "POL"]
[Source "lmi"]
[SourceDate "2007.12.27"]

1. e4 c5 2. Nc3 a6 3. g3 b5 4. Bg2 Bb7 5. d3 e6 6. f4 d5 7. e5 Nh6 8. Nf3 Nf5
9. O-O h5 10. Ne2 Nc6 11. h3 Be7 12. c3 d4 13. cxd4 cxd4 14. a3 Qb6 15. Kh2
O-O-O 16. b4 Kb8 17. Bd2 Rd7 18. Qb3 Rhd8 19. Rfd1 Rd5 20. Rac1 f6 21. Re1 R8d7
22. Rc2 Ka7 23. Rec1 Nd8 24. a4 Nf7 25. a5 Qd8 26. Rc6 fxe5 27. Rxe6 h4 28.
Nxe5 Nxe5 29. fxe5 hxg3+ 30. Kg1 g5 31. Be4 Ng7 32. Rg6 Qh8 33. Kg2 Nf5 34. Rb6
Rxe5 35. Rxb7+ Rxb7 36. Qd1 Rd7 37. Nxg3 Nxg3 38. Kxg3 Bd6 39. Kg2 g4 40. Qxg4
Rg7 41. Bg6 Re2+ 42. Kf1 Rxg6 43. Qd7+ Kb8 44. Kxe2 Qh5+ 45. Ke1 Bg3+ 0-1

[Event "Cracovia 2007"]
[Site "Cracovia POL"]
[Date "2007.12.28"]
[Round "2.2"]
[White "Galazewski, Tomasz"]
[Black "Jakubiec, Artur"]
[Result "0-1"]
[WhiteElo "2289"]
[BlackElo "2524"]
[PlyCount "78"]
[EventDate "2007.12.27"]
[EventType "swiss"]
[EventRounds "9"]
[EventCountry "POL"]
[Source "lmi"]
[SourceDate "2007.12.27"]

1. Nf3 d6 2. d3 c5 3. g3 Nc6 4. Bg2 g6 5. O-O Bg7 6. c4 Rb8 7. Nc3 a6 8. a4 Nf6
9. d4 Nd7 10. d5 Na5 11. Qd3 Qb6 12. Bd2 Qb3 13. Ne4 Qxd3 14. exd3 Nb3 15. Ra2
Nxd2 16. Nexd2 h6 17. Re1 f5 18. b3 Kf7 19. Nf1 Re8 20. h3 Ne5 21. Nxe5+ Bxe5
22. Nd2 Bf6 23. Nf3 g5 24. d4 g4 25. hxg4 fxg4 26. Nh4 cxd4 27. Be4 Rg8 28.
Rae2 Rg5 29. Ng2 Be5 30. Bd3 Bd7 31. c5 Rc8 32. c6 bxc6 33. Bxa6 Rb8 34. dxc6
Bxc6 35. Nf4 Bf6 36. Rc2 Bf3 37. Rc7 d5 38. Rb7 Rxb7 39. Bxb7 d3 0-1

[Event "Cracovia 2007"]
[Site "Cracovia POL"]
[Date "2007.12.28"]
[Round "2.4"]
[White "Szoen, Dariusz"]
[Black "Samojlov, Anton"]
[Result "1-0"]
[WhiteElo "2481"]
[BlackElo "2270"]
[PlyCount "65"]
[EventDate "2007.12.27"]
[EventType "swiss"]
[EventRounds "9"]
[EventCountry "POL"]
[Source "lmi"]
[SourceDate "2007.12.27"]

1. d4 Nf6 2. c4 c5 3. d5 b5 4. cxb5 a6 5. b6 e6 6. Nc3 Nxd5 7. Nxd5 exd5 8.
Qxd5 Nc6 9. e4 Be7 10. Bc4 O-O 11. Nf3 Rb8 12. O-O Rxb6 13. Bd2 d6 14. Bc3 Be6
15. Qd3 Nb4 16. Qe2 Bxc4 17. Qxc4 d5 18. exd5 Qxd5 19. Ne5 Rd6 20. Qg4 f5 21.
Qe2 Rfd8 22. a3 Na2 23. Ba5 Re8 24. Rfd1 Qe6 25. f4 Rd4 26. g3 Bd8 27. Be1 Bc7
28. Rxd4 cxd4 29. Qc4 Qxc4 30. Nxc4 Re2 31. Bd2 Nc3 32. bxc3 dxc3 33. Be3 1-0

[Event "Cracovia 2007"]
[Site "Cracovia POL"]
[Date "2007.12.28"]
[Round "2.6"]
[White "Bartel, Michal"]
[Black "Kuzmicz, Krystian"]
[Result "0-1"]
[WhiteElo "2268"]
[BlackElo "2422"]
[PlyCount "62"]
[EventDate "2007.12.27"]
[EventType "swiss"]
[EventRounds "9"]
[EventCountry "POL"]
[Source "lmi"]
[SourceDate "2007.12.27"]

1. e4 c5 2. Nf3 Nc6 3. c3 Nf6 4. d3 d5 5. Qe2 e6 6. Nbd2 b6 7. g3 Be7 8. Bg2
Ba6 9. e5 Nd7 10. O-O Qc7 11. Re1 g5 12. h3 h5 13. g4 hxg4 14. hxg4 O-O-O 15.
Nf1 Rdg8 16. c4 d4 17. a3 Bb7 18. Ng3 Qb8 19. Bd2 Qa8 20. Qf1 Qb8 21. Qe2 Qa8
22. Qf1 Bd8 23. Ne4 Bc7 24. Nfxg5 Ncxe5 25. f4 f6 26. Nxf6 Bxg2 27. Qxg2 Qxg2+
28. Kxg2 Nxf6 29. fxe5 Nxg4 30. Rh1 Rxh1 31. Rxh1 Ne3+ 0-1

[Event "Cracovia 2007"]
[Site "Cracovia POL"]
[Date "2007.12.28"]
[Round "2.7"]
[White "Bulski, Krzysztof"]
[Black "Panocki, Adrian"]
[Result "0-1"]
[WhiteElo "2421"]
[BlackElo "2266"]
[PlyCount "78"]
[EventDate "2007.12.27"]
[EventType "swiss"]
[EventRounds "9"]
[EventCountry "POL"]
[Source "lmi"]
[SourceDate "2007.12.27"]

1. e4 c5 2. Nf3 d6 3. d4 cxd4 4. Nxd4 Nf6 5. Nc3 a6 6. Be3 e5 7. Nb3 Be6 8. Qd2
Be7 9. O-O-O Nbd7 10. f4 b5 11. f5 Bxb3 12. cxb3 Nc5 13. Bd3 b4 14. Nd5 Nxd5
15. exd5 Nxd3+ 16. Qxd3 Bg5 17. Bxg5 Qxg5+ 18. Kb1 O-O 19. Qe4 a5 20. Rhf1 Rac8
21. h4 Qh6 22. f6 Rc5 23. fxg7 Rfc8 24. g4 Qxg7 25. Rf5 h6 26. g5 Qg6 27. gxh6
Qxh6 28. Rg5+ Kf8 29. Rf1 R8c7 30. Qf5 Qxh4 31. Rgg1 Rc2 32. Rh1 Rh2 33. Rxh2
Qxh2 34. Qg5 Qh7+ 35. Ka1 Ke8 36. Qf6 Qh3 37. Rg1 Qg2 38. Rd1 Qxd5 39. Qf1 Qc5
0-1

[Event "Cracovia 2007"]
[Site "Cracovia POL"]
[Date "2007.12.28"]
[Round "2.8"]
[White "Meyer, Lars A"]
[Black "Mikrut, Dariusz"]
[Result "1/2-1/2"]
[WhiteElo "2256"]
[BlackElo "2409"]
[PlyCount "54"]
[EventDate "2007.12.27"]
[EventType "swiss"]
[EventRounds "9"]
[EventCountry "POL"]
[Source "lmi"]
[SourceDate "2007.12.27"]

1. d4 Nf6 2. c4 g6 3. Nc3 Bg7 4. e4 d6 5. Be2 O-O 6. Nf3 Nbd7 7. Bg5 h6 8. Be3
e5 9. dxe5 dxe5 10. Nd2 c6 11. b4 Qe7 12. Rb1 Nh7 13. c5 Rd8 14. Qc1 f5 15. f3
Ndf8 16. Nc4 Be6 17. Nd6 f4 18. Bf2 Ng5 19. b5 Nf7 20. bxc6 bxc6 21. Rb7 Rd7
22. Rxd7 Nxd7 23. Qa3 Bf8 24. Nb7 Nd8 25. Nd6 Nf7 26. Nb7 Nd8 27. Nd6 Nf7
1/2-1/2

[Event "Cracovia 2007"]
[Site "Cracovia POL"]
[Date "2007.12.28"]
[Round "2.9"]
[White "Narmontas, Tauras"]
[Black "Golichenko, Ilija"]
[Result "0-1"]
[WhiteElo "2255"]
[BlackElo "2369"]
[PlyCount "50"]
[EventDate "2007.12.27"]
[EventType "swiss"]
[EventRounds "9"]
[EventCountry "POL"]
[Source "lmi"]
[SourceDate "2007.12.27"]

1. e4 c5 2. Nf3 d6 3. d4 cxd4 4. Qxd4 Nc6 5. Bb5 Bd7 6. Bxc6 Bxc6 7. c4 Nf6 8.
Nc3 g6 9. b3 Bg7 10. Bb2 O-O 11. Nd5 Nh5 12. Qd2 Bxb2 13. Qxb2 e6 14. Nc3 Nf4
15. O-O f5 16. Rad1 fxe4 17. Nd4 Qg5 18. g3 Nh3+ 19. Kg2 Nxf2 20. Rxf2 e3+ 21.
Rf3 Rxf3 22. Nxf3 Qf6 23. Qe2 Qxc3 24. Rd3 Qf6 25. Rxe3 Rf8 0-1

[Event "Cracovia 2007"]
[Site "Cracovia POL"]
[Date "2007.12.28"]
[Round "2.10"]
[White "Savickas, Airidas"]
[Black "Rawicz, Karol"]
[Result "1/2-1/2"]
[WhiteElo "2368"]
[BlackElo "2195"]
[PlyCount "128"]
[EventDate "2007.12.27"]
[EventType "swiss"]
[EventRounds "9"]
[EventCountry "POL"]
[Source "lmi"]
[SourceDate "2007.12.27"]

1. e4 c5 2. Nf3 e6 3. Nc3 a6 4. d4 cxd4 5. Nxd4 Qc7 6. g4 Nc6 7. Be3 Bb4 8.
Nxc6 Bxc3+ 9. bxc3 Qxc6 10. Qd4 Nf6 11. Bg2 d6 12. g5 e5 13. Qd3 Nd7 14. Rd1
Nb6 15. Bxb6 Qxb6 16. Qxd6 Qxd6 17. Rxd6 Be6 18. Rb6 O-O-O 19. a3 Rd7 20. Bf1
Rhd8 21. Rb1 Rc7 22. Bd3 Rxc3 23. Ra1 Bb3 24. O-O Bxc2 25. Bxc2 Rxc2 26. Rac1
Rdd2 27. Rxc2+ Rxc2 28. f4 Kd7 29. Rd1+ Ke7 30. fxe5 Rc4 31. Rd6 Rxe4 32. Rb6
Rxe5 33. Rxb7+ Ke6 34. Rb6+ Kf5 35. Rxa6 Kxg5 36. Ra7 Kg6 37. Kf2 Rh5 38. Kg3
Rc5 39. a4 Rc3+ 40. Kg2 Ra3 41. a5 f6 42. a6 h5 43. h4 Kh6 44. Ra8 g5 45. a7
Kg7 46. hxg5 fxg5 47. Kh2 h4 48. Kg2 g4 49. Rb8 Rxa7 50. Rb4 Ra2+ 51. Kg1 Ra1+
52. Kg2 h3+ 53. Kh2 Ra2+ 54. Kh1 Ra1+ 55. Kh2 Ra2+ 56. Kh1 Rg2 57. Rb7+ Kg6 58.
Rg7+ Kh6 59. Rg6+ Kh5 60. Rg5+ Kh4 61. Rh5+ Kg3 62. Rxh3+ Kf2 63. Rf3+ Ke2 64.
Re3+ Kxe3 1/2-1/2

[Event "Cracovia 2007"]
[Site "Cracovia POL"]
[Date "2007.12.29"]
[Round "3.1"]
[White "Czarnota, Pawel"]
[Black "Golichenko, Ilija"]
[Result "1/2-1/2"]
[WhiteElo "2554"]
[BlackElo "2369"]
[PlyCount "47"]
[EventDate "2007.12.27"]
[EventType "swiss"]
[EventRounds "9"]
[EventCountry "POL"]
[Source "lmi"]
[SourceDate "2007.12.27"]

1. e4 c5 2. Ne2 d6 3. g3 g6 4. Bg2 Bg7 5. c3 Nc6 6. d4 e5 7. dxc5 dxc5 8. O-O
Be6 9. Na3 Qxd1 10. Rxd1 Rd8 11. Be3 b6 12. Nb5 Rxd1+ 13. Rxd1 Ke7 14. b3 Nf6
15. Nc7 Rd8 16. Rxd8 Nxd8 17. Nxe6 Nxe6 18. f3 Ne8 19. Kf2 Nd6 20. Ke1 Kd7 21.
Kd2 Kc6 22. Nc1 a5 23. c4 a4 24. Nd3 1/2-1/2

[Event "Cracovia 2007"]
[Site "Cracovia POL"]
[Date "2007.12.29"]
[Round "3.2"]
[White "Jakubiec, Artur"]
[Black "Granovski, Aleksandar"]
[Result "1-0"]
[WhiteElo "2524"]
[BlackElo "2338"]
[PlyCount "79"]
[EventDate "2007.12.27"]
[EventType "swiss"]
[EventRounds "9"]
[EventCountry "POL"]
[Source "lmi"]
[SourceDate "2007.12.27"]

1. f4 c5 2. Nf3 g6 3. g3 Bg7 4. Bg2 Nc6 5. O-O Nf6 6. d3 O-O 7. Nc3 Rb8 8. f5
d6 9. Nh4 Nd4 10. fxg6 hxg6 11. e3 Nc6 12. h3 d5 13. e4 dxe4 14. Bf4 Ra8 15.
dxe4 Nh5 16. Qe1 Nd4 17. Rd1 Nxf4 18. gxf4 Bd7 19. Rd2 Bc6 20. Nd1 e6 21. e5
Bxg2 22. Rxg2 Nf5 23. Nxf5 exf5 24. Ne3 Qd4 25. Kh2 Kh7 26. Nxf5 gxf5 27. Rxg7+
Kxg7 28. Rg1+ Qxg1+ 29. Qxg1+ Kh8 30. Qg5 Rad8 31. Qf6+ Kg8 32. Qxf5 Rd2+ 33.
Kg3 Rfd8 34. Qg5+ Kf8 35. f5 R8d4 36. f6 Rxc2 37. Qg7+ Ke8 38. Qg8+ Kd7 39.
Qxf7+ Kc6 40. Qe6+ 1-0

[Event "Cracovia 2007"]
[Site "Cracovia POL"]
[Date "2007.12.29"]
[Round "3.4"]
[White "Gumula, Daniel"]
[Black "Szoen, Dariusz"]
[Result "0-1"]
[WhiteElo "2344"]
[BlackElo "2481"]
[PlyCount "120"]
[EventDate "2007.12.27"]
[EventType "swiss"]
[EventRounds "9"]
[EventCountry "POL"]
[Source "lmi"]
[SourceDate "2007.12.27"]

1. d4 Nf6 2. c4 e6 3. Nc3 c5 4. d5 exd5 5. cxd5 d6 6. e4 g6 7. Nf3 a6 8. a4 Bg4
9. Qb3 Bxf3 10. Qxb7 Bxg2 11. Bxg2 Nbd7 12. Qc6 Be7 13. e5 Rc8 14. exf6 Rxc6
15. fxe7 Qxe7+ 16. Kd1 Rc8 17. Re1 Ne5 18. f4 f6 19. fxe5 fxe5 20. Ne4 O-O 21.
Bh6 Qb7 22. Bxf8 Rxf8 23. Re2 c4 24. Nc3 Rf4 25. Ke1 Qb6 26. Rd1 Qg1+ 27. Kd2
Rd4+ 28. Kc2 Rxd1 29. Nxd1 Qxh2 30. Nc3 Qf4 31. Ne4 Qf8 32. Kc3 Qb8 33. Kxc4 a5
34. Nc3 Qb4+ 35. Kd3 h5 36. Be4 g5 37. Kc2 Qd4 38. Rd2 Qe3 39. Re2 Qf4 40. Nb5
Qf1 41. Rg2 Qc4+ 42. Nc3 g4 43. Kd2 Qf1 44. Ne2 Kg7 45. Ng3 Qf4+ 46. Kd3 Kh6
47. Nf5+ Kg5 48. Nxd6 h4 49. Nf5 h3 50. Rg1 h2 51. Rd1 g3 52. Ne3 Qf8 53. Nc4
Qf2 54. Ne3 Qxb2 55. d6 Qb3+ 56. Ke2 Kf4 57. Nd5+ Kxe4 58. Nf6+ Kf5 59. Rf1+
Ke6 60. d7 Qc4+ 0-1

[Event "Cracovia 2007"]
[Site "Cracovia POL"]
[Date "2007.12.29"]
[Round "3.5"]
[White "Kuzmicz, Krystian"]
[Black "Swiercz, Dariusz"]
[Result "1/2-1/2"]
[WhiteElo "2422"]
[BlackElo "2274"]
[PlyCount "172"]
[EventDate "2007.12.27"]
[EventType "swiss"]
[EventRounds "9"]
[EventCountry "POL"]
[Source "lmi"]
[SourceDate "2007.12.27"]

1. c4 f5 2. g3 Nf6 3. Bg2 g6 4. Nc3 Bg7 5. e3 d6 6. Nge2 e5 7. O-O e4 8. d3
exd3 9. Nf4 O-O 10. Qxd3 Na6 11. Rd1 Nc5 12. Qc2 a5 13. b3 c6 14. Ba3 Qe7 15.
Rac1 g5 16. Nd3 Nce4 17. Na4 Nd7 18. f3 Nec5 19. Ndxc5 dxc5 20. Qf2 Rb8 21.
Rxd7 Qxd7 22. Bxc5 Re8 23. Ba7 Qc7 24. Bxb8 Qxb8 25. f4 gxf4 26. exf4 Qd6 27.
Kh1 Bd4 28. Qd2 Qf6 29. Rd1 Be3 30. Qxa5 h5 31. Qc3 Qg6 32. Re1 Bf2 33. Rxe8+
Qxe8 34. Bf3 h4 35. Kg2 hxg3 36. hxg3 Be1 37. Qe5 Qxe5 38. fxe5 Kf7 39. Bh5+
Ke7 40. Kf3 b5 41. cxb5 cxb5 42. Nc5 Bc3 43. Nd3 b4 44. Ke3 Ba6 45. Nf4 Bxe5
46. Nd5+ Kd6 47. Nxb4 Bb7 48. Bf3 Bc8 49. Kf2 Bd4+ 50. Kg2 Bc3 51. Nd5 Be1 52.
Nf4 Ba6 53. a3 Ke5 54. b4 Bb5 55. a4 Bc4 56. b5 Ba5 57. Bd1 Bd5+ 58. Kf2 Bb6+
59. Ke2 Bc4+ 60. Ke1 Ba5+ 61. Kf2 Bb6+ 62. Kg2 Bd5+ 63. Kh3 Be4 64. Kh4 Bd8+
65. Kh5 Kf6 66. Kh6 Bb1 67. Bb3 Be4 68. Bc4 Bc7 69. Kh7 Ba5 70. Bb3 Kg5 71. Bd1
Kf6 72. Kg8 Bb4 73. Bb3 Ke7 74. Bd1 Be1 75. Nh5 Bc3 76. Ng7 Be1 77. g4 fxg4 78.
Bxg4 Bd5+ 79. Kh7 Ba5 80. Nf5+ Kd7 81. Kg7 Bc3+ 82. Kf8 Bb4+ 83. Kg7 Bc3+ 84.
Kh6 Be6 85. b6 Bxf5 86. b7 Kc7 1/2-1/2

[Event "Cracovia 2007"]
[Site "Cracovia POL"]
[Date "2007.12.29"]
[Round "3.6"]
[White "Panocki, Adrian"]
[Black "Shkapenko, Pavel"]
[Result "0-1"]
[WhiteElo "2266"]
[BlackElo "2404"]
[PlyCount "60"]
[EventDate "2007.12.27"]
[EventType "swiss"]
[EventRounds "9"]
[EventCountry "POL"]
[Source "lmi"]
[SourceDate "2007.12.27"]

1. e4 c5 2. Nf3 e6 3. d4 cxd4 4. Nxd4 a6 5. Bd3 Qb6 6. Nb3 Qc7 7. O-O Nf6 8. c4
d6 9. Nc3 Be7 10. Be3 b6 11. f4 Bb7 12. Qe2 Nbd7 13. Nd2 O-O 14. Rac1 Rac8 15.
b4 Qb8 16. Bf2 e5 17. f5 d5 18. Nxd5 Bxd5 19. cxd5 Bxb4 20. Rb1 Bc5 21. Bxc5
Rxc5 22. Nb3 Rc3 23. Bxa6 Qa7 24. Bb5 Rfc8 25. Bxd7 Qxd7 26. Nd2 Rc2 27. Rf2 h5
28. h3 Rxa2 29. Qb5 Qxb5 30. Rxb5 Rcc2 0-1